000 00603nam a2200181 a 4500
001 000044007
005 20201002045104.0
008 140513s1995 sp ac 001 0 spa d
020 _a8477370567
040 _aDO-SdBNP
_bspa
_cBNPHU
100 1 _aGarcía de Cortázar, Fernando
_971973
245 1 0 _aEspaña 1900 :
_bde 1898 a 1923 /
_cFernando García de Cortázar.
260 _aEspaña :
_bSilex,
_c1995.
300 _a143 p. :
_bil., retrs. ;
_c31 cm.
500 _aIncluye índice
500 _aIncluye datos biográficos del autor en la solapa de la cubierta
504 _aBibliografía .: p.135-137
999 _c43496
_d43496